| 000 | 00588nam a22001817a 4500 | ||
|---|---|---|---|
| 005 | 20251108165403.0 | ||
| 008 | 250721s2000 xx 000 0 ara d | ||
| 082 | 1 | 4 | _a657.48/مطر |
| 100 | 1 |
_aمطر، محمد _eمؤلف |
|
| 245 | 1 | 0 |
_aالمحاسبة المالية : _bالدورة المحاسبية ج 1. / |
| 250 | _aط 3 | ||
| 264 | 1 |
_aبيروت : _bمكتبة الفلاح للنشر، _c2000. |
|
| 300 | _aج 1 | ||
| 490 | 0 | _aسلسلة كتب المحاسبة ، 9 | |
| 650 | 1 | 7 | _aالمحاسبة " السجلات المالية" |
| 942 |
_2ddc _cBK |
||
| 999 |
_c26686 _d26686 |
||